Paidología : (Record no. 13648)

000 -CABECERA
fixed length control field 00867nam a22002417a 4500
003 - IDENTIFICADOR DEL NÚMERO DE CONTROL
control field AR-CdUCM
008 - DATOS DE LONGITUD FIJA--INFORMACIÓN GENERAL
fixed length control field 190416b ||||| |||| 00| 0 spa d
040 ## - FUENTE DE LA CATALOGACIÓN
Agencia/entidad que catalogó originalmente la obra MUNICIPALIDAD PROVINCIAL DEL CUSCO
Entidad que transcribió la catalogación BIBLIOTECA MUNICIPAL DEL CUSCO
082 ## - NÚMERO DE LA CLASIFICACIÓN DECIMAL DEWEY
No. de Clasificación TS / 372.4 /
Notacion interna L96
100 ## - ENTRADA PRINCIPAL--NOMBRE DE PERSONA
Nombre Personal Luna, Humberto
245 ## - MENCIÓN DE TÍTULO
Título Paidología :
Resto del título El niño del Cuzco /
260 ## - PUBLICACIÓN, DISTRIBUCIÓN, ETC.
Lugar de publicación, distribución, etc. Cusco :
Nombre de la editorial, distribuidor, etc. El trabajo,
Fecha de publicación, distribución, etc. 1913.
300 ## - DESCRIPCIÓN FÍSICA
Nº de Páginas Extensión 79 páginas ;
Otros detalles físicos Ilustraciones, plano,
Dimensiones 26 cm.
505 ## - NOTA DE CONTENIDO CON FORMATO
Nota de contenido formateada Contenido: Paidología, el Niño del Cuzco.
650 ## - PUNTO DE ACCESO ADICIONAL DE MATERIA--TÉRMINO DE MATERIA
Descriptor El niño
9 (RLIN) 31427
650 ## - PUNTO DE ACCESO ADICIONAL DE MATERIA--TÉRMINO DE MATERIA
Descriptor Cusco
9 (RLIN) 772
650 ## - PUNTO DE ACCESO ADICIONAL DE MATERIA--TÉRMINO DE MATERIA
Descriptor Paidología
9 (RLIN) 32148
650 ## - PUNTO DE ACCESO ADICIONAL DE MATERIA--TÉRMINO DE MATERIA
Descriptor Psicología
9 (RLIN) 1538
710 ## - PUNTO DE ACCESO ADICIONAL--NOMBRE DE ENTIDAD CORPORATIVA
Nombre corporativo (En letras Mayúsculas) Universidad Nacional de San Antonio Abad del Cusco,
9 (RLIN) 15942
942 ## - ELEMENTOS DE PUNTO DE ACCESO ADICIONAL (KOHA)
Fuente de clasificación
Tipo de item Tesis y monografías
945 ## - PROCESAMIENTO DE INFORMACIÓN LOCAL (OCLC)
Catalogador cmm
AAAA-MM-DD - Fecha de ingreso o modificacion 2019-04-16
Holdings
Estado de retiro (separado) Fuente de clasificación o esquema de estanterías Estado dañado Ubicación Sala donde se ubica Nombre de la colección Fecha de adquisición o compra Costo, precio normal en soles Signatura topográfica Código de Barras Última vez visto (Koha) Tipo de ítem (Koha)
No     Sala Cusco Antiguo Sala Cusco Antiguo Reference 2019-04-16 50.00 TS / 372.4 / L96 SCA0002892 2019-04-16 Tesis y monografías

Powered by Koha